AH International Schools' Libraries

My school unicorn / (Record no. 49465)

MARC details
000 -LEADER
fixed length control field 00309nam a2200109 4500
020 ## - INTERNATIONAL STANDARD BOOK NUMBER
International Standard Book Number 9781444967258
100 ## - MAIN ENTRY--PERSONAL NAME
Personal name Evans, Willow
9 (RLIN) 81304
245 ## - TITLE STATEMENT
Title My school unicorn /
Statement of responsibility, etc Willow Evans & Tom Knight
260 ## - PUBLICATION, DISTRIBUTION, ETC. (IMPRINT)
Place of publication, distribution, etc London
Name of publisher, distributor, etc Hodder Children's Books
Date of publication, distribution, etc 2020
300 ## - PHYSICAL DESCRIPTION
Extent unpaged.
Other physical details col. ill.
Dimensions 25 cm.
942 ## - ADDED ENTRY ELEMENTS (KOHA)
Source of classification or shelving scheme
Koha item type Book
Holdings
Withdrawn status Lost status Source of classification or shelving scheme Damaged status Not for loan Home library Current library Shelving location Date acquired Total Checkouts Full call number Barcode Checked out Date last seen Date checked out Price effective from Koha item type
          Asian Hope Early Years Library Asian Hope Early Years Library Easy Reading 09/01/2025 7 E EVA 211606 04/21/2026 04/21/2026 04/21/2026 09/01/2025 Book

For any Logos Library related questions please contact Miss Art at swongnarasuk@asianhope.org.

For any Asian Hope Library related questions please contact Miss Raza at graza@asianhope.org.

Click here to explore our ebooks!

Powered by Koha